Opatija a spomienky na časy monarchie
Opatija - prímorské turistické centrum v Chorvátsku. Bohatá história kúpeľného mesta Rakúsko-uhorskej monarchie. Kvalitné služby v hoteloch aj v súkromných penziónoch. Perspektívy rozvoja cestovného ruchu v Opatiji.
Salvato in:
| Autore principale: | |
|---|---|
| Natura: | Capitolo di libro |
| Lingua: | slovacco |
| Soggetti: | |
| Tags: |
Nessun Tag, puoi essere il primo ad aggiungerne!!
|
MARC
| LEADER | 00000naa$a2200000$$$4500 | ||
|---|---|---|---|
| 001 | 0032036 | ||
| 005 | 20231009070428.5 | ||
| 041 | 0 | |a slo | |
| 044 | |a SK | ||
| 245 | 1 | 0 | |a Opatija a spomienky na časy monarchie |c Alžbeta Capková |
| 520 | |a Opatija - prímorské turistické centrum v Chorvátsku. Bohatá história kúpeľného mesta Rakúsko-uhorskej monarchie. Kvalitné služby v hoteloch aj v súkromných penziónoch. Perspektívy rozvoja cestovného ruchu v Opatiji. | ||
| 610 | 2 | 0 | |a ruch cestovný |
| 610 | 2 | 0 | |a ruch cestovný aktívny |
| 610 | 2 | 0 | |a ruch cestovný domáci |
| 610 | 2 | 0 | |a služby |
| 610 | 2 | 0 | |a hotely |
| 610 | 2 | 0 | |a penzióny |
| 610 | 2 | 0 | |a kúpele |
| 610 | 2 | 0 | |a more |
| 610 | 2 | 0 | |a Chorvátsko |
| 100 | 1 | |a Capková, Alžbeta | |